LEADER 01209nam0-22003731i-450- 001 990001743140403321 005 20120720123141.0 035 $a000174314 035 $aFED01000174314 035 $a(Aleph)000174314FED01 035 $a000174314 100 $a20030910d1907----km-y0itay50------ba 101 0 $aita 102 $aIT 200 1 $a<>Reale Istituto d'Incoraggiamento di Napoli 1806-1906$ericerche storiche di E. Oreste Mastrojanni pubblicate per deliberazione del R. Istituto in occasione del primo centenario 210 $aNapoli$cLuigi Pierro Tip. Editore$d1907 215 $a285 p., [9] c. di tav.$d32 cm 610 0 $aReale Istituto d'Incoraggiamento$aStoria 676 $a806$v21$zita 700 1$aMastrojanni,$bE. Oreste$0492828 801 0$aIT$bUNINA$gRICA$2UNIMARC 901 $aBK 912 $a990001743140403321 952 $a60 806 A 1$b5736$fFAGBC 952 $a54 C 21$bs.i.$fDMVAP 952 $aXVII 704$b775$fFGBC 952 $aXVII 764$bs.i.$fFGBC 952 $aSEZ.NA C 1108$b18656$fFARBC 959 $aFAGBC 959 $aDMVAP 959 $aFGBC 959 $aFARBC 996 $aReale Istituto d'Incoraggiamento di Napoli 1806-1906$9366150 997 $aUNINA LEADER 01397nam0-2200409---450- 001 990000943240203316 005 20091123122238.0 010 $a88-14-05352-9 035 $a0094324 035 $aUSA010094324 035 $a(ALEPH)000094324USA01 035 $a0094324 100 $a20020204d1995----km-y0ITAy01------ba 101 $aita 102 $aIT 105 $a||||||||001yy 200 1 $aCompravendita di appartamenti uffici e negozi$e122 problemi con risposte, consigli e formule per acquistare o vendere un immobile al prezzo giusto e senza avventure$fFrancesco Tamborrino 205 $a2. ed. 210 $aMilano$cGiuffrè$d1995 215 $a111 p$d24 cm 225 2 $aCosa & come$iCasa e territorio 410 $12001$aCosa & come$iCasa e territorio 606 $aImmobili$xVendita$xGuide pratiche 606 $aImmobili$xAcquisto$xGuide pratiche 676 $a346.4504363 700 1$aTAMBORRINO,$bFrancesco$09567 801 0$aIT$bsalbc$gISBD 912 $a990000943240203316 951 $aXXX.B. Coll. 13/ 25 (IRA 40 1 A)$b7988 G$cXXX.B. Coll. 13/ (IRA 40900188759 959 $aBK 969 $aGIU 979 $aPATTY$b90$c20020204$lUSA01$h1708 979 $c20020403$lUSA01$h1737 979 $aPATRY$b90$c20040406$lUSA01$h1705 979 $aRSIAV1$b90$c20091123$lUSA01$h1222 996 $aCompravendita di appartamenti uffici e negozi$9636815 997 $aUNISA LEADER 02297oam 2200529M 450 001 9910715638703321 005 20191121064239.1 035 $a(CKB)5470000002513679 035 $a(OCoLC)1065747457 035 $a(OCoLC)995470000002513679 035 $a(EXLCZ)995470000002513679 100 $a20070221d1840 ua 0 101 0 $aeng 135 $aurcn||||||||| 181 $ctxt$2rdacontent 182 $cc$2rdamedia 183 $acr$2rdacarrier 200 10$aCommerce with China. Message from the President of the United States, transmitting the information required by the resolution of the House of Representatives of the 23rd instant, in relation to the commerce of the United States with China, &c. December 31, 1840. Referred to the Committee on Foreign Affairs 210 1$a[Washington, D.C.] :$c[publisher not identified],$d1840. 215 $a1 online resource (4 pages) 225 1 $aHouse document / 26th Congress, 2nd session. House ;$vno. 34 225 1 $a[United States congressional serial set ] ;$v[serial no. 383] 300 $aBatch processed record: Metadata reviewed, not verified. Some fields updated by batch processes. 300 $aFDLP item number not assigned. 606 $aBlockade 606 $aForeign trade promotion 606 $aForeign trade and employment 606 $aMerchant ships 606 $aNeutrality 607 $aChina$xHistory$yOpium War, 1840-1842 608 $aLegislative materials.$2lcgft 615 0$aBlockade. 615 0$aForeign trade promotion. 615 0$aForeign trade and employment. 615 0$aMerchant ships. 615 0$aNeutrality. 701 $aVan Buren$b Martin$f1782-1862.$01386907 712 02$aUnited States.$bPresident (1837-1841 : Van Buren) 712 02$aUnited States.$bDepartment of State. 801 0$bWYU 801 1$bWYU 801 2$bOCLCO 801 2$bOCLCQ 906 $aBOOK 912 $a9910715638703321 996 $aCommerce with China. Message from the President of the United States, transmitting the information required by the resolution of the House of Representatives of the 23rd instant, in relation to the commerce of the United States with China, &c. December 31, 1840. Referred to the Committee on Foreign Affairs$93466735 997 $aUNINA